| 000 | 00470nmm a22001697a 4500 | ||
|---|---|---|---|
| 005 | 20170210133422.0 | ||
| 008 | 150728b xxu||||| |||| 00| 0 spa d | ||
| 041 | _aspa | ||
| 082 | _aMD 157 | ||
| 100 |
_aMatarrita Esquivel, Luis _911225 |
||
| 245 | _aInforme de Práctica Supervisada realizado en el Laboratorio Dental Ebenezer | ||
| 260 | _c2013 | ||
| 650 |
_aCOSTA RICA _939573 |
||
| 650 |
_aPRÓTESIS PARCIAL _93678 |
||
| 650 |
_aCROMO COBALTO _939574 |
||
| 942 | _cIP | ||
| 999 |
_c6850 _d6850 |
||